000 00996cam a2200133 4500500
005 20251012042337.0
041 _afre
042 _adc
100 1 0 _aAvitabile alain
_eauthor
245 0 0 _aLa mise en scène du projet urbain : Pour une structuration des démarches
260 _bL'Harmattan,
_c2005.
520 _aLe projet urbain est devenu un «incontournable» du vocabulaire des acteurs de la ville et des territoires. Ce livre traite notamment la question du «process» en situant les différents acteurs présents sur la scène urbaine et celle du management des projets urbains. Il s’inscrit dans une exigence croissante de transparence et d’explication de la part des élus et des professionnels vis-à-vis de la société civile afin d’aller vers une plus grande démocratie à travers l’exercice du débat public et de la gouvernance urbaine.
856 4 1 _uhttps://shs.cairn.info/la-mise-en-scene-du-projet-urbain--9782747583534?lang=fr&redirect-ssocas=7080
999 _c1548757
_d1548757